000 00592nam a22001577a 4500
003 macl
005 20200315165122.0
008 200315b xxu||||| |||| 00| 0 eng d
040 _cmacl
100 _aगुप्ता संजय
_936498
245 _aविज्ञान एवं प्रोद्योगिकी प्रश्‍न पत्र -3
260 _aग्वालियर
_bश्री अचलेश्वर बुक स्टोर
_c2020
600 _aसंजय गुप्ता
_978668
650 _aसामान्य
_978676
942 _2ddc
_cHIN
999 _c62428
_d62428